Visual Modeling with IBM Rational Software Architect and UML

Salvato in:
Dettagli Bibliografici
Autori principali: Quatrani, Terry (Autore), Palistrant, Jim (Autore)
Natura: Libro
Lingua:inglese
Pubblicazione: Boston : IBM Press, 2006
Soggetti:
Tags: Aggiungi Tag
Nessun Tag, puoi essere il primo ad aggiungerne!!

MARC

LEADER 00000nam a22000003a 4500
001 stu204300
005 20150617230051.9
008 100526s2006----xxu-----------------eng-d
020 |a 0-321-23808-7 
040 |a STU  |b slo 
041 0 |a eng 
044 |a xxu 
100 1 |a Quatrani, Terry  |4 aut 
245 1 |a Visual Modeling with IBM Rational Software Architect and UML 
260 |a Boston :  |b IBM Press,  |c 2006 
300 |a 193 s 
650 7 |a vizuálne programovanie  |2 stusub 
650 7 |a UML  |2 stusub 
700 1 |a Palistrant, Jim  |4 aut 
996 |b 284M078161  |c M*12730-1  |l MMKN  |s A  |a 24  |w stu204300_0001